000 01023nac a22002657a 4500
001 BR7702243
003 BR-BrBNA
005 20240105114045.0
008 230509b bl.|||m| |||| 00| 0 por d
040 _aBR-BrBNA
_bpor
_cBiblioteca Nacional de Agricultura
072 _aF00
090 _a0150 BR7702243
110 1 _aEmpresa Brasileira de Pesquisa Agropecuaria, Brasilia, DF;
_93834
110 1 _aEmpresa Brasileira de Assistencia Tecnica e Extensao Rural, Brasilia, DF
_93797
245 1 _aSistemas de producao para arroz irrigado. Santa Catarina [Pratica Cultural; Oryza sativa; Brasil]
_bRevisao
260 3 _aFlorianopolis, SC (Brasil):
_bAssociacao de Credito e Assistencia Rural de Santa Catarina,
_c1977.
300 _a55 p.
490 _aSistemas de Producao. Boletim (Brazil)
_vno. 107
_xISSN 0100-5359
650 _aProducao vegetal
650 _aArroz irrigado
650 _aPratica cultural
650 _aSanta Catarina
909 _a202312
_bLúcia Elande
_c55
_dLúcia Elande
942 _2AGRIS
_n0
_cMS
999 _c267141
_d267141